Elementos de algebra lineal (Registro nro. 4623)
[ vista simple ]
| 000 -LEADER | |
|---|---|
| fixed length control field | 01033 a2200217 4500 |
| 001 - CONTROL NUMBER | |
| control field | 48555 |
| 005 - DATE AND TIME OF LATEST TRANSACTION | |
| control field | 20260407155750.0 |
| 008 - FIXED-LENGTH DATA ELEMENTS--GENERAL INFORMATION | |
| fixed length control field | 260407a1967 arg spa d |
| 003 - CONTROL NUMBER IDENTIFIER | |
| control field | AR-UNSa-BCEJYS |
| 040 ## - CATALOGING SOURCE | |
| Original cataloging agency | AR-UNSa-BCEJYS |
| Language of cataloging | spa |
| Transcribing agency | AR-UNSa-BCEJYS |
| 080 ## - UNIVERSAL DECIMAL CLASSIFICATION NUMBER | |
| Universal Decimal Classification number | 512.64 |
| Common auxiliary subdivision | Algebra lineal y multilineal |
| 100 1# - MAIN ENTRY--PERSONAL NAME | |
| Personal name | Paige, Lowell |
| 245 10 - TITLE STATEMENT | |
| Title | Elementos de algebra lineal |
| 264 #1 - PRODUCTION, PUBLICATION, DISTRIBUTION, MANUFACTURE, AND COPYRIGHT NOTICE | |
| Place of production, publication, distribution, manufacture | Barcelona : |
| Name of producer, publisher, distributor, manufacturer | Reverté |
| Date of production, publication, distribution, manufacture, or copyright notice | 1967 |
| 300 ## - PHYSICAL DESCRIPTION | |
| Extent | 409 p. |
| Dimensions | 22 cm. |
| 505 ## - FORMATTED CONTENTS NOTE | |
| Formatted contents note | 1. Introducción - 2. Vectores y geometría analítica del espacio - 3. Espacios vectoriales - 4. Espacios euclídeo n-dimensional - 5. Determinantes - 6. Transformaciones lineales y matrices - 7. Conjuntos de transformaciones lineales y matrices - 8. Formas bilineales y cuadráticas - 9. Cuerpo de los números complejos, anillos de polinomios - 10. Valores y vectores característicos de transformaciones lineales - 11. Semejanza de matrices |
| 590 ## - LOCAL NOTE (RLIN) | |
| Local note | niveau_biblio:m niveau_hierar:0 |
| 700 1# - ADDED ENTRY--PERSONAL NAME | |
| Personal name | Swift, J. Dean |
| 700 1# - ADDED ENTRY--PERSONAL NAME | |
| Personal name | Rodriguez Vidal, Rafael |
| 942 ## - ADDED ENTRY ELEMENTS (KOHA) | |
| Koha item type | |
| Withdrawn status | Lost status | Damaged status | Not for loan | Home library | Current library | Shelving location | Date acquired | Total checkouts | Full call number | Barcode | Date last seen | Price effective from | Koha item type |
|---|---|---|---|---|---|---|---|---|---|---|---|---|---|
| Biblioteca Prof. Eusebio Cleto del Rey | Biblioteca Prof. Eusebio Cleto del Rey | 07/04/2026 | 512.64 P142 | L24472 | 07/04/2026 | 07/04/2026 | Libro | ||||||
| Biblioteca Prof. Eusebio Cleto del Rey | Biblioteca Prof. Eusebio Cleto del Rey | 07/04/2026 | 512.64 P142 | L24473 | 07/04/2026 | 07/04/2026 | Libro |